00318nam a2200121Ia 450000500170000000800410001708200130005810000190007124500220009026000370011230000130014950000340016220250509064924.0240331s9999 xx 000 0 und d bSOMa891 aSomakandhan, P 0aKadavulin pookkal aMadrasbKumaran Publishersc1993 a135 p ., aA collection of Short Stories